00956nam a22002537i 4500003000900000008004100009020002200050040007100072082002100143100002200164245008200186260003500268300002900303500003800332505019000370650001500560650001400575650001500589650001400604650001900618650002100637700002200658700002200680AR-CdUCM240920b20172017 pe||||| |||| 00| 0 spa d a978-612-47604-1-9 aMUNICIPALIDAD PROVINCIAL DEL CUSCOcBIBLIOTECA MUNICIPAL DEL CUSCO a597.8 / V66bV66 aVillacampa, Jaime aAmphibians of the Manu Learning Centre and other areas in the Manu Región / aCusco :bCrees Manu SAC.c2017 a282 páginas. :c21 cm. zBibliografía: páginas 272-279 aAllobates femoralis -- Rhinella marina -- Oreobates gemcare -- Pristimantis carvalhoi -- Ameerega macero -- Gastrotheca nebulanastes -- Dendropsophus marmoratus -- Hypsiboas cinerascens aAmphibians aHábitat aEcología aBufonidae aCeratophryidae aPristimantis sp2 aSerrano, Jennifer aWhitworth, Andrew